Словарь народно-разговорной речи г. Томска XVII - начала XVIII века

Bibliografiske detaljer
Institution som forfatter: Томский государственный университет (ТГУ)
Andre forfattere: Палагина В. В. (редактор), Захарова Л. А.
Summary:Словарь является итогом 20-летней работы части научного коллектива кафедры русского языка Томского государственного университета. Словарь включает как локально ограниченную, так и общерусскую лексику и является существенным дополнением к- имеющимся в настоящее время историческим словарям русского языка, он может слать единственной основой для реконструкции разговорного языка первого русского населения Томска и Западной Сибири. Для широком читающей аудитории - от школьников до ученых-лингвистов, литературоведов, писателей, этнографов, историков, краеведов.
Sprog:russisk
Udgivet: Томск, Изд-во Томского ун-та, 2001
Fag:
Format: MixedMaterials Bog
KOHA link:https://koha.lib.tpu.ru/cgi-bin/koha/opac-detail.pl?biblionumber=342340

MARC

LEADER 00000nam0a2200000 4500
001 342340
005 20231102005437.0
010 |a 5751114213 
035 |a (RuTPU)RU\TPU\book\371075 
090 |a 342340 
100 |a 20190125d2001 km y0rusy50 ca 
101 0 |a rus 
102 |a RU 
105 |a y e 001zy 
200 1 |a Словарь народно-разговорной речи г. Томска XVII - начала XVIII века  |f Томский государственный университет (ТГУ) ; под ред. В. В. Палагиной, Л. А. Захаровой 
210 |a Томск  |c Изд-во Томского ун-та  |d 2001 
215 |a 336 с. 
320 |a Библиогр.: с. 9-10 
330 |a Словарь является итогом 20-летней работы части научного коллектива кафедры русского языка Томского государственного университета. Словарь включает как локально ограниченную, так и общерусскую лексику и является существенным дополнением к- имеющимся в настоящее время историческим словарям русского языка, он может слать единственной основой для реконструкции разговорного языка первого русского населения Томска и Западной Сибири. Для широком читающей аудитории - от школьников до ученых-лингвистов, литературоведов, писателей, этнографов, историков, краеведов. 
606 1 |a Русский язык  |x Диалектология, диалектография  |2 stltpush  |3 (RuTPU)RU\TPU\subj\26395  |9 50335 
610 1 |a историческая лексикология 
610 1 |a народно-разговорная речь 
610 1 |a Сибирь 
610 1 |a Томск 
610 1 |a диалекты 
610 1 |a словари 
686 |a Ш141.2-5  |v LBC/SL-A  |2 rubbk 
702 1 |a Палагина  |b В. В.  |4 340 
702 1 |a Захарова  |b Л. А.  |4 340 
712 0 2 |a Томский государственный университет (ТГУ)  |2 stltpush  |3 (RuTPU)RU\TPU\col\397 
801 1 |a RU  |b 63413507  |c 20190125 
801 2 |a RU  |b 63413507  |c 20190208  |g RCR 
942 |c BK